LEADER 01233nam a2200253 i 4500 001 000000032374 003 CaOOAMICUS 005 20240209125459.0 008 180830s1751 fr u000 u fre u 040 $aSeMil$bita 100 1 $aFenelon, François,$c.$0(OLS)http://semarc/name/6914 245 10$aOeuvres spirituelles de feu monseigneur François de Salignac de la Mothe-Fenelon ... Tome 1. [-4.]. 260 $a[S.l. :$bs.n.],$c1751. 300 $a4 v. ;$c12°. 500 $aIniz., testatine xilogr. 500 $aFregio xilogr. sui front. 650 4$aFénelon, François <1651-1715 ; arcivescovo> - Opere.$0(OLS)http://semarc/subject/3122 774 0 $tTome premier, contenant ses Traités spirituels.$g1$w()34515 774 0 $tTome second, Suite de ses Traités spirituels.$g2$w()244414 774 0 $tTome troisieme, contenant ses Lettres spirituelles.$g3$w()244415 774 0 $tTome quatrième, suite de ses Lettres spirituelles.$g4$w()244413 996 $6245$aOeuvres spirituelles de feu monseigneur François de Salignac de la Mothe-Fenelon ... Tome 1. [-4.]$9(OLS)http://semarc/title/43911 996 $6260$a[S.l. :$bs.n.]$9(OLS)http://semarc/publisher/29751 LEADER 01020nam a2200229 i 4500 001 000000200977 003 CaOOAMICUS 005 20110418000000.0 008 110418s1966 it u000 u ita u 013 $a179678 040 $aSeMil$bita 245 10$aEmendare la Legge Merlin? :$baspetti eugenici, medici e morali : (Gazzada, 17 ottobre 1965) 260 $a[Milano] :$bAssociazione medici cattolici italiani, Sez. milanese,$c1966. 300 $a70 p. ;$c22 cm. 500 $aFondo Card. Giovanni Colombo. 650 4$aProstituzione - Legislazione.$0(OLS)http://semarc/subject/37736 850 $aSeMil 852 $aSeMil$W1$xVenegono$y1$m5D IX 18/4$j151506$B151506$CSeMilBibl$Z2$F162723 $81 941 1 $a3 961 $aLascito: Colombo Card. Giovanni 996 $6245$aEmendare la Legge Merlin? :$baspetti eugenici, medici e morali : (Gazzada, 17 ottobre 1965)$9(OLS)http://semarc/title/290762 996 $6260$a[Milano] :$bAssociazione medici cattolici italiani, Sez. milanese$9(OLS)http://semarc/publisher/45073